000 00535nam a2200181 i 4500
001 59411
003 ES-MaACL
005 20230906164028.0
007 t|
008 031029s1973 sp ||||1| spa d
100 1 _aElliot, Gil.
_947031
245 1 3 _aEl libro de los muertos del siglo XX /
_cGil Elliot ; [traducción de Luis Flaquer].
250 _a[1ª ed.].
260 _a[Barcelona] :
_bDopesa,
_c[1973]
300 _a275 p. ;
_c18 cm.
700 1 _aFlaquer i Vilardebó, Lluís.
_951128
852 _aES-MaACL
_jC-53699
_bR.86868
999 _c59411
_d59411